[Event "BL 1920 (Women)"]
[Site "Germany"]
[Date "2021.09.04"]
[Round "10.4"]
[White "Kiefhaber, Veronika"]
[Black "Baciu, Diana"]
[Result "0-1"]
[WhiteElo "2149"]
[BlackElo "2275"]
[PlyCount "58"]
[EventDate "2019.09.14"]
[EventType "team-tourn"]
[EventRounds "11"]
[EventCountry "GER"]
[SourceTitle "EXT 2022"]
[Source "ChessBase"]
[SourceDate "2021.10.06"]
[SourceVersion "1"]
[SourceVersionDate "2021.10.06"]
[SourceQuality "1"]
[WhiteTeam "Karlsruhe (W)"]
[BlackTeam "Hamburger SK (W)"]
[WhiteTeamCountry "GER"]
[BlackTeamCountry "GER"]

1. e4 e6 2. d4 d5 3. exd5 exd5 4. Nf3 Bd6 5. c4 Nf6 6. Nc3 Nbd7 7. cxd5 0-0 8. Be2 h6 9. 0-0 Nb6 10. Ne5 Nbxd5 11. Bc4 c6 12. Qf3 Be6 13. Re1 Re8 14. Bd2 Nb4 15. Bxe6 Rxe6 16. Ng4 Nc2 17. Rxe6 fxe6 18. Rd1 Nxd4 19. Qh3 Nf5 20. Re1 Nxg4 21. Qxg4 Bxh2+ 22. Kxh2 Qxd2 23. Re2 Qd6+ 24. g3 Rf8 25. Kg2 Nd4 26. Rd2 c5 27. Ne4 Qc6 28. Rd1 h5 29. Qg6 Rf6 0-1

[Event "BL 1920 (Women)"]
[Site "Germany"]
[Date "2019.09.15"]
[Round "2.4"]
[White "Klek, Hanna Marie"]
[Black "Kiefhaber, Veronika"]
[Result "1-0"]
[WhiteElo "2246"]
[BlackElo "2149"]
[PlyCount "67"]
[EventDate "2019.09.14"]
[EventType "team-tourn"]
[EventRounds "11"]
[EventCountry "GER"]
[SourceTitle "EXT 2020"]
[Source "ChessBase"]
[SourceDate "2019.10.17"]
[SourceVersion "1"]
[SourceVersionDate "2019.10.17"]
[SourceQuality "1"]
[WhiteTeam "Deizisau (W)"]
[BlackTeam "Karlsruhe (W)"]
[WhiteTeamCountry "GER"]
[BlackTeamCountry "GER"]

1. d4 Nf6 2. c4 g6 3. Nc3 Bg7 4. e4 d6 5. h3 0-0 6. Be3 Nbd7 7. Nf3 e5 8. d5 a5 9. g4 Nc5 10. Nd2 Nfd7 11. h4 f5 12. gxf5 gxf5 13. exf5 Nb6 14. Nde4 Nxe4 15. Nxe4 Bxf5 16. Ng3 Qd7 17. Rg1 Kh8 18. b3 Rf7 19. Bg2 a4 20. Rc1 axb3 21. axb3 Ra2 22. Be4 Bxe4 23. Nxe4 Qf5 24. Qg4 Qxg4 25. Rxg4 Nd7 26. Ng5 Re7 27. c5 dxc5 28. Bxc5 Nxc5 29. Rxc5 Rd7 30. Ne6 c6 31. dxc6 bxc6 32. Rxc6 h5 33. Rg5 Bf6 34. Rc8+ 1-0

[Event "BL 1819 (Women)"]
[Site "Germany"]
[Date "2019.03.01"]
[Round "9.6"]
[White "Kiefhaber, Veronika"]
[Black "Heinemann, Josefine"]
[Result "0-1"]
[WhiteElo "2171"]
[BlackElo "2308"]
[PlyCount "90"]
[EventDate "2018.10.27"]
[EventType "team-tourn"]
[EventRounds "11"]
[EventCountry "GER"]
[SourceTitle "CBM 189 Extra"]
[Source "ChessBase"]
[SourceDate "2019.06.03"]
[SourceVersion "1"]
[SourceVersionDate "2019.06.03"]
[SourceQuality "1"]
[WhiteTeam "Karlsruhe (W)"]
[BlackTeam "Baden-Baden (W)"]
[WhiteTeamCountry "GER"]
[BlackTeamCountry "GER"]

1. e4 c5 2. c3 Nf6 3. e5 Nd5 4. Nf3 Nc6 5. Bc4 Nb6 6. Bb3 c4 7. Bc2 d5 8. exd6 Qxd6 9. b3 Bg4 10. bxc4 Qe6+ 11. Qe2 Qxe2+ 12. Kxe2 Nxc4 13. d3 N4e5 14. Nbd2 0-0-0 15. d4 Nxf3 16. gxf3 Bh5 17. Nc4 e6 18. Rg1 f6 19. Rb1 Bf7 20. Bb3 g6 21. Be3 Be7 22. Rgd1 g5 23. Nd2 h6 24. a4 Kc7 25. Bc4 f5 26. Nb3 Rhe8 27. Kf1 Bd6 28. Kg2 Ne7 29. Rb2 Ng6 30. Kh1 Nh4 31. Rdb1 Rb8 32. Be2 f4 33. Bd2 e5 34. dxe5 Rxe5 35. Nd4 Bc5 36. Bd3 Bd5 37. Be4 Rxe4 38. Rb5 b6 39. fxe4 Bxe4+ 40. f3 Bxb1 41. Rxb1 Bxd4 42. cxd4 Nxf3 43. Bc3 Re8 44. Rb2 Re3 45. Rc2 Kd6 0-1

[Event "BL 1516 (Women)"]
[Site "Germany"]
[Date "2016.03.20"]
[Round "11.2"]
[White "Kiefhaber, Veronika"]
[Black "Koepke, Elena"]
[Result "0-1"]
[WhiteElo "2213"]
[BlackElo "2320"]
[PlyCount "140"]
[EventDate "2015.09.26"]
[EventType "team-tourn"]
[EventRounds "11"]
[EventCountry "GER"]
[SourceTitle "EXT 2017"]
[Source "ChessBase"]
[SourceDate "2016.10.25"]
[SourceVersion "1"]
[SourceVersionDate "2016.10.25"]
[SourceQuality "1"]
[WhiteTeam "Karlsruhe (W)"]
[BlackTeam "Friedberg (W)"]
[WhiteTeamCountry "GER"]
[BlackTeamCountry "GER"]

1. e4 d5 2. exd5 Qxd5 3. Nc3 Qd6 4. d4 Nf6 5. Nf3 c6 6. Bc4 Bg4 7. Be3 e6 8. h3 Bh5 9. g4 Bg6 10. Ne5 Nbd7 11. Nxg6 hxg6 12. Qe2 Be7 13. 0-0-0 Nb6 14. Bb3 Qc7 15. Kb1 0-0-0 16. Qf3 Bd6 17. Ne2 Nbd5 18. Bc1 Nb4 19. c3 Na6 20. c4 c5 21. Be3 Qc6 22. d5 Qe8 23. Nc3 exd5 24. cxd5 Nc7 25. Rhe1 Qf8 26. Rc1 Kb8 27. g5 Nd7 28. Ne4 Rh4 29. Red1 b6 30. Ba4 Ne5 31. Qg2 Qe7 32. Bc2 Nc4 33. Nxd6 Qxd6 34. Bb3 Nxe3 35. fxe3 Rdh8 36. Rf1 Rxh3 37. Rxf7 Rxe3 38. Rh1 Rhe8 39. Rff1 Re2 40. Qf3 Qe5 41. Qc3 Qe4+ 42. Bc2 Nxd5 43. Bxe4 Nxc3+ 44. bxc3 R2xe4 45. Rf7 R4e7 46. Rhf1 Kc7 47. Kc2 Kd6 48. Kb3 a6 49. a4 Rxf7 50. Rxf7 Re7 51. Rf8 Kc6 52. Ra8 Re5 53. a5 c4+ 54. Kxc4 Rxa5 55. Ra7 Rc5+ 56. Kb3 Kb5 57. Rxg7 Rxg5 58. Rg8 Rg3 59. Rg7 a5 60. Rg8 g5 61. Rg6 a4+ 62. Kb2 Kc5 63. Rg8 b5 64. Rc8+ Kb6 65. Rb8+ Kc6 66. Rg8 Rg1 67. Rg7 g4 68. Rg5 g3 69. Ka2 g2 70. Kb2 Kd6 0-1

[Event "BL 1516 (Women)"]
[Site "Germany"]
[Date "2015.12.06"]
[Round "4.4"]
[White "Kiefhaber, Veronika"]
[Black "Atalik, Ekaterina"]
[Result "0-1"]
[WhiteElo "2213"]
[BlackElo "2384"]
[PlyCount "82"]
[EventDate "2015.09.26"]
[EventType "team-tourn"]
[EventRounds "11"]
[EventCountry "GER"]
[SourceTitle "CBM 170 Extra"]
[Source "ChessBase"]
[SourceDate "2016.02.25"]
[SourceVersion "1"]
[SourceVersionDate "2016.02.25"]
[SourceQuality "1"]
[WhiteTeam "Karlsruhe (W)"]
[BlackTeam "Schwaebisch Hall (W)"]
[WhiteTeamCountry "GER"]
[BlackTeamCountry "GER"]

1. e4 e5 2. Bc4 Nc6 3. Nc3 Bc5 4. d3 d6 5. Na4 Bb6 6. Nxb6 axb6 7. f4 Na5 8. Nf3 Nxc4 9. dxc4 exf4 10. Bxf4 Ne7 11. 0-0 Ng6 12. Bg3 f6 13. b3 0-0 14. a4 Qe7 15. Qd3 Re8 16. Rae1 Ra5 17. Nd4 Bd7 18. Nb5 Bc6 19. Nc3 Rg5 20. Nd5 Qf7 21. Qf3 h5 22. Re2 h4 23. Be1 Ne5 24. Qh3 Bxd5 25. exd5 Ng6 26. Rxe8+ Qxe8 27. Bc3 Qe4 28. Qe6+ Qxe6 29. dxe6 Kf8 30. Re1 Ke7 31. Kf2 Rf5+ 32. Kg1 Ne5 33. Re4 g5 34. g3 h3 35. Re3 Nf3+ 36. Kh1 Ne5 37. Kg1 Kxe6 38. g4 Rf3 39. Rxf3 Nxf3+ 40. Kf2 Nxh2 41. Kg3 Nxg4 0-1

[Event "GER-chT Federal Cup (Women)"]
[Site "Braunfels"]
[Date "2013.05.31"]
[Round "2.1"]
[White "Zschischang, Marine"]
[Black "Kiefhaber, Veronika"]
[Result "1/2-1/2"]
[WhiteElo "2099"]
[BlackElo "2211"]
[PlyCount "90"]
[EventDate "2013.05.30"]
[EventType "team-swiss"]
[EventRounds "5"]
[EventCountry "GER"]
[SourceTitle "EXT 2014"]
[Source "ChessBase"]
[SourceDate "2013.11.20"]
[SourceVersion "1"]
[SourceVersionDate "2013.11.20"]
[SourceQuality "1"]
[WhiteTeam "Niedersachsen (W)"]
[BlackTeam "Baden (W)"]
[WhiteTeamCountry "GER"]
[BlackTeamCountry "GER"]

1. c4 Nf6 2. Nc3 g6 3. e4 d6 4. h3 Bg7 5. g3 0-0 6. Bg2 c5 7. Nge2 Nc6 8. 0-0 a6 9. d3 Rb8 10. f4 Ne8 11. Rb1 Nc7 12. b3 Ne6 13. Kh2 Ned4 14. Nxd4 Nxd4 15. Ne2 b5 16. Nxd4 cxd4 17. Qe1 Bb7 18. Qf2 Qb6 19. Bd2 Bc6 20. Qe2 b4 21. h4 e6 22. h5 a5 23. Rh1 Rbe8 24. hxg6 fxg6 25. Kg1 Rf7 26. g4 Qc5 27. Rc1 a4 28. bxa4 Ra8 29. Qe1 Rxa4 30. Rb1 Bf8 31. Bxb4 Qa7 32. a3 Rxf4 33. Qg3 Qf7 34. g5 e5 35. Bd2 Rxa3 36. Bxf4 exf4 37. Qf3 Be7 38. Rb8+ Kg7 39. Qf2 Ra1+ 40. Bf1 Bxg5 41. Qxd4+ Bf6 42. Qxd6 Qa7+ 43. c5 Be7 44. Qe5+ Bf6 45. Qd6 Be7 1/2-1/2

[Event "BL 1213 (Women)"]
[Site "Germany"]
[Date "2013.03.10"]
[Round "11.4"]
[White "Fuchs, Judith"]
[Black "Kiefhaber, Veronika"]
[Result "1-0"]
[WhiteElo "2292"]
[BlackElo "2229"]
[PlyCount "63"]
[EventDate "2012.10.06"]
[EventType "team-tourn"]
[EventRounds "11"]
[EventCountry "GER"]
[SourceTitle "EXT 2014"]
[Source "ChessBase"]
[SourceDate "2013.11.20"]
[SourceVersion "1"]
[SourceVersionDate "2013.11.20"]
[SourceQuality "1"]
[WhiteTeam "Hamburger SK (W)"]
[BlackTeam "Karlsruhe (W)"]
[WhiteTeamCountry "GER"]
[BlackTeamCountry "GER"]

1. e4 c5 2. Nf3 g6 3. d4 cxd4 4. Nxd4 Nc6 5. Nc3 Bg7 6. Be3 Nf6 7. Bc4 Qa5 8. 0-0 0-0 9. Bb3 d6 10. h3 Bd7 11. Re1 Rfe8 12. Qd3 Rac8 13. f4 Nxd4 14. Bxd4 Bc6 15. e5 dxe5 16. fxe5 Nd5 17. Qf3 Rcd8 18. Qf2 b6 19. Ne4 Rf8 20. Rf1 e6 21. Nf6+ Nxf6 22. exf6 Bh6 23. c3 Rfe8 24. Rae1 e5 25. Qh4 Bf8 26. Bxf7+ Kxf7 27. Qxh7+ Ke6 28. f7 Re7 29. Rxe5+ Qxe5 30. Bxe5 Kxe5 31. Qh8+ Ke6 32. Qf6+ 1-0

[Event "BL 1213 (Women)"]
[Site "Germany"]
[Date "2013.02.17"]
[Round "9.5"]
[White "Belic, Jordanka"]
[Black "Kiefhaber, Veronika"]
[Result "0-1"]
[WhiteElo "2298"]
[BlackElo "2229"]
[PlyCount "76"]
[EventDate "2012.10.06"]
[EventType "team-tourn"]
[EventRounds "11"]
[EventCountry "GER"]
[SourceTitle "EXT 2014"]
[Source "ChessBase"]
[SourceDate "2013.11.20"]
[SourceVersion "1"]
[SourceVersionDate "2013.11.20"]
[SourceQuality "1"]
[WhiteTeam "Halle Volksbank (W)"]
[BlackTeam "Karlsruhe (W)"]
[WhiteTeamCountry "GER"]
[BlackTeamCountry "GER"]

1. e4 g6 2. d4 Bg7 3. Nc3 d5 4. exd5 Nf6 5. Bb5+ Nbd7 6. Qf3 0-0 7. Bxd7 Bxd7 8. Bf4 Rc8 9. h3 c6 10. d6 Bf5 11. 0-0-0 exd6 12. g4 Be6 13. Qg3 d5 14. f3 b5 15. Be5 Qa5 16. Kb1 Rfe8 17. Qf4 Nd7 18. Bxg7 Kxg7 19. h4 b4 20. Nce2 c5 21. h5 Kg8 22. Qh6 Nf8 23. dxc5 Rxc5 24. Nd4 Rc4 25. Nh3 Qc5 26. Qd2 a5 27. Ng5 Qc7 28. hxg6 hxg6 29. Rh4 Qe5 30. f4 Qg7 31. b3 Rc5 32. Rdh1 Rec8 33. Qh2 Qxd4 34. Rh8+ Kg7 35. Qh6+ Kf6 36. Rxf8 Qd2 37. c4 bxc3 38. Rc1 Qb2# 0-1

[Event "BL 1213 (Women)"]
[Site "Germany"]
[Date "2012.12.02"]
[Round "4.3"]
[White "Savina, Anastasia"]
[Black "Kiefhaber, Veronika"]
[Result "1-0"]
[WhiteElo "2303"]
[BlackElo "2229"]
[PlyCount "49"]
[EventDate "2012.10.06"]
[EventType "team-tourn"]
[EventRounds "11"]
[EventCountry "GER"]
[SourceTitle "EXT 2014"]
[Source "ChessBase"]
[SourceDate "2013.11.20"]
[SourceVersion "1"]
[SourceVersionDate "2013.11.20"]
[SourceQuality "1"]
[WhiteTeam "Bad Koenigshofen (W)"]
[BlackTeam "Karlsruhe (W)"]
[WhiteTeamCountry "GER"]
[BlackTeamCountry "GER"]

1. d4 d6 2. Nf3 Bg4 3. e4 Nf6 4. Nc3 e6 5. h3 Bh5 6. g4 Bg6 7. Qe2 c6 8. h4 h5 9. g5 Nfd7 10. Bh3 Be7 11. Be3 d5 12. Nd2 dxe4 13. Ndxe4 Na6 14. Bf4 Nb6 15. Be5 Kf8 16. 0-0 Nd5 17. f4 Nxc3 18. bxc3 Nc7 19. f5 exf5 20. Bxf5 Kg8 21. Qf3 Kh7 22. Qxh5+ Kg8 23. Qf3 Bh5 24. Bg4 Bg6 25. h5 1-0

[Event "BL 1112 (Women)"]
[Site "Germany"]
[Date "2012.04.22"]
[Round "11.5"]
[White "Kiefhaber, Veronika"]
[Black "Jahn, Constanze"]
[Result "1/2-1/2"]
[WhiteElo "2217"]
[BlackElo "2139"]
[PlyCount "48"]
[EventDate "2011.10.29"]
[EventType "team-tourn"]
[EventRounds "11"]
[EventCountry "GER"]
[SourceTitle "EXT 2013"]
[Source "ChessBase"]
[SourceDate "2012.11.22"]
[SourceVersion "1"]
[SourceVersionDate "2012.11.22"]
[SourceQuality "1"]
[WhiteTeam "Karlsruhe (W)"]
[BlackTeam "Halle Volksbank (W)"]
[WhiteTeamCountry "GER"]
[BlackTeamCountry "GER"]

1. e4 c5 2. Nf3 Nc6 3. c3 d5 4. exd5 Qxd5 5. d4 Bg4 6. Be2 e6 7. h3 Bxf3 8. Bxf3 Qd7 9. Be3 cxd4 10. cxd4 Nf6 11. Nc3 Nb4 12. 0-0 Be7 13. Na4 Nbd5 14. Nc5 Nxe3 15. fxe3 Bxc5 16. dxc5 Qxd1 17. Rfxd1 Rb8 18. Rd4 Ke7 19. Rad1 Rhc8 20. b4 Rc7 21. Kf2 Nd7 22. a3 Ne5 23. Be4 a5 24. Rb1 axb4 1/2-1/2

[Event "BL 1112 (Women)"]
[Site "Germany"]
[Date "2011.12.18"]
[Round "5.3"]
[White "Kiefhaber, Veronika"]
[Black "Sedina, Elena"]
[Result "1/2-1/2"]
[WhiteElo "2217"]
[BlackElo "2337"]
[PlyCount "162"]
[EventDate "2011.10.29"]
[EventType "team-tourn"]
[EventRounds "11"]
[EventCountry "GER"]
[SourceTitle "EXT 2013"]
[Source "ChessBase"]
[SourceDate "2012.11.22"]
[SourceVersion "1"]
[SourceVersionDate "2012.11.22"]
[SourceQuality "1"]
[WhiteTeam "Karlsruhe (W)"]
[BlackTeam "Baden-Baden (W)"]
[WhiteTeamCountry "GER"]
[BlackTeamCountry "GER"]

1. e4 e6 2. d4 d5 3. exd5 exd5 4. Nf3 Nf6 5. c4 Bb4+ 6. Nc3 Nc6 7. Be2 Ne4 8. Qb3 dxc4 9. Bxc4 0-0 10. 0-0 Bxc3 11. bxc3 Na5 12. Qb4 Nxc4 13. Qxc4 Be6 14. Qb4 Nd6 15. Bf4 Bd5 16. Ne5 f6 17. Ng4 b6 18. Rfe1 a5 19. Qa4 Re8 20. Ne3 Bf7 21. Rac1 Re4 22. Bg3 Qe8 23. Qc2 Nc4 24. Bxc7 Rc8 25. Bg3 Nxe3 26. fxe3 Rxe3 27. Rxe3 Qxe3+ 28. Bf2 Qe6 29. a3 Qd5 30. c4 Qxc4 31. Qxc4 Rxc4 32. Rxc4 Bxc4 33. Bg3 b5 34. Bd6 Kf7 35. Kf2 Ke6 36. Bf8 g6 37. Ke3 Kd5 38. Be7 Bf1 39. g3 f5 40. Bd8 b4 41. Bxa5 bxa3 42. Bb4 a2 43. Bc3 g5 44. Ba1 Bg2 45. h4 h6 46. hxg5 hxg5 47. Kf2 Be4 48. Ke3 f4+ 49. gxf4 g4 50. Kf2 Bf5 51. Kg3 Ke4 52. Bb2 Bc8 53. Ba1 Kd3 54. d5 Kc2 55. Kf2 Kb1 56. Bd4 a1Q 57. Bxa1 Kxa1 58. Ke3 Bf5 59. d6 Kb2 60. Kd4 Kc2 61. Ke5 Bd7 62. f5 g3 63. f6 g2 64. f7 g1Q 65. f8Q Qa1+ 66. Kd5 Qa5+ 67. Kd4 Qc3+ 68. Kd5 Qa5+ 69. Kd4 Qb6+ 70. Kd5 Qb3+ 71. Kd4 Qc3+ 72. Kd5 Qc6+ 73. Ke5 Qc5+ 74. Kf6 Qf5+ 75. Ke7 Qe6+ 76. Kd8 Bb5 77. Qe7 Qg8+ 78. Kc7 Qa8 79. Qh7+ Kb3 80. Qh3+ Kb4 81. Qh4+ Kb3 1/2-1/2

[Event "BL 1112 (Women)"]
[Site "Germany"]
[Date "2011.10.30"]
[Round "2.4"]
[White "Kiefhaber, Veronika"]
[Black "Nikolova, Adriana"]
[Result "1/2-1/2"]
[WhiteElo "2217"]
[BlackElo "2268"]
[PlyCount "99"]
[EventDate "2011.10.29"]
[EventType "team-tourn"]
[EventRounds "11"]
[EventCountry "GER"]
[SourceTitle "EXT 2013"]
[Source "ChessBase"]
[SourceDate "2012.11.22"]
[SourceVersion "1"]
[SourceVersionDate "2012.11.22"]
[SourceQuality "1"]
[WhiteTeam "Karlsruhe (W)"]
[BlackTeam "Friedberg (W)"]
[WhiteTeamCountry "GER"]
[BlackTeamCountry "GER"]

1. e4 c5 2. c3 Nf6 3. e5 Nd5 4. Nf3 e6 5. Bc4 Nc6 6. d4 cxd4 7. cxd4 d6 8. 0-0 Be7 9. Qe2 0-0 10. Nc3 Nxc3 11. bxc3 dxe5 12. dxe5 Qa5 13. Qe4 Qa4 14. Bg5 h6 15. Bxe7 Nxe7 16. Rab1 Bd7 17. Bd3 Qxe4 18. Bxe4 Bc6 19. Bxc6 bxc6 20. c4 Rab8 21. Rfd1 Rfd8 22. h4 Rxd1+ 23. Rxd1 Rb7 24. g3 Kh7 25. h5 g6 26. hxg6+ Kxg6 27. Rd2 h5 28. Kg2 a5 29. Rd3 Rb4 30. Nh4+ Kg7 31. Rc3 c5 32. a3 Rb2 33. Nf3 Kg6 34. Nh4+ Kg5 35. Rf3 Nc6 36. Rxf7 Nxe5 37. Nf3+ Nxf3 38. Kxf3 Rc2 39. Ra7 Rxc4 40. Rxa5 Kf5 41. Ra8 Ke5 42. a4 Rc3+ 43. Ke2 Ra3 44. a5 Ke4 45. a6 Ra2+ 46. Kf1 c4 47. a7 c3 48. Rc8 Rxa7 49. Rxc3 Ra5 50. Kg2 1/2-1/2

[Event "BL 0910 (Women)"]
[Site "Germany"]
[Date "2010.03.13"]
[Round "8.3"]
[White "Lakos, Nikoletta"]
[Black "Kiefhaber, Veronika"]
[Result "1/2-1/2"]
[WhiteElo "2292"]
[BlackElo "2244"]
[PlyCount "47"]
[EventDate "2009.11.07"]
[EventType "team-tourn"]
[EventRounds "11"]
[EventCountry "GER"]
[SourceTitle "CBM 133 Extra"]
[Source "ChessBase"]
[SourceDate "2010.01.05"]
[SourceVersion "1"]
[SourceVersionDate "2010.01.05"]
[SourceQuality "1"]
[WhiteTeam "Halle Volksbank (W)"]
[BlackTeam "Karlsruhe 1853 (W)"]
[WhiteTeamCountry "GER"]
[BlackTeamCountry "GER"]

1. e4 c5 2. Nf3 g6 3. d4 cxd4 4. Nxd4 Nc6 5. c4 Nf6 6. Nc3 Nxd4 7. Qxd4 d6 8. f3 Bg7 9. Bg5 0-0 10. Qd2 Be6 11. Rc1 Rc8 12. b3 a6 13. Be2 Qa5 14. Nd5 Qxd2+ 15. Kxd2 Bxd5 16. cxd5 e6 17. dxe6 fxe6 18. Rxc8 Rxc8 19. Rc1 Rxc1 20. Kxc1 Kf7 21. Kd2 d5 22. Bxf6 Bxf6 23. exd5 exd5 24. f4 1/2-1/2

[Event "BL 0910 (Women)"]
[Site "Germany"]
[Date "2009.12.05"]
[Round "3.4"]
[White "Kiefhaber, Veronika"]
[Black "Beltz, Franziska"]
[Result "0-1"]
[WhiteElo "2244"]
[BlackElo "2132"]
[PlyCount "134"]
[EventDate "2009.11.07"]
[EventType "team-tourn"]
[EventRounds "11"]
[EventCountry "GER"]
[SourceTitle "CBM 133 Extra"]
[Source "ChessBase"]
[SourceDate "2010.01.05"]
[SourceVersion "1"]
[SourceVersionDate "2010.01.05"]
[SourceQuality "1"]
[WhiteTeam "Karlsruhe 1853 (W)"]
[BlackTeam "Leipzig Gohlis (W)"]
[WhiteTeamCountry "GER"]
[BlackTeamCountry "GER"]

1. e4 c5 2. c3 Nf6 3. e5 Nd5 4. Nf3 e6 5. Bc4 d6 6. d4 cxd4 7. cxd4 Nc6 8. 0-0 Be7 9. Qe2 0-0 10. Nc3 Nxc3 11. bxc3 dxe5 12. dxe5 Qa5 13. Qe4 Qa4 14. Bg5 h6 15. Bxe7 Nxe7 16. Rab1 Nc6 17. Bd3 Qxe4 18. Bxe4 Rd8 19. Rfd1 Kf8 20. Rxd8+ Nxd8 21. Nd4 a6 22. Kf1 Ke7 23. a4 Kd7 24. a5 Kc7 25. Rb6 Bd7 26. Ke2 Rc8 27. f4 Kb8 28. Kd3 Rc5 29. Rd6 Kc7 30. Nb3 Bb5+ 31. Kd2 Rc4 32. Rd4 Nc6 33. Bxc6 Kxc6 34. Rd6+ Kc7 35. Nd4 Bd7 36. g4 Ra4 37. f5 exf5 38. Nxf5 Bxf5 39. gxf5 Rxa5 40. f6 g6 41. e6 fxe6 42. Rxe6 Rf5 43. h4 Kd7 44. Re7+ Kd6 45. Rxb7 Rxf6 46. Kd3 Ke5 47. Rb4 Rf3+ 48. Kd2 Rf4 49. Rb6 Rf6 50. Rb4 g5 51. hxg5 hxg5 52. Ke3 Rc6 53. Kd3 Kf5 54. Rb1 g4 55. Rf1+ Kg5 56. c4 g3 57. Kd4 Rf6 58. Rg1 Kg4 59. c5 Kh3 60. Rh1+ Kg2 61. Ra1 Kh2 62. Kd5 g2 63. c6 g1Q 64. Rxg1 Kxg1 65. c7 Rf8 66. Kc6 a5 67. Kb5 a4 0-1